LEADER 00982nam a2200265 u 4500 001 000000068997 003 CaOOAMICUS 005 20070226121847.0 008 020403s1939 it u000 u ita u 035 $a10925392 040 $aPUL(R)$bita 100 1 $aPittaluga, Mario.$0(OLS)http://pul/name/45871 245 10$aGaribaldi legislatore /$cMario Pittaluga. 260 $aRoma :$bUlpiano,$cstampa 1939. 300 $a166 p., [4] c. di tav. :$bill. ;$c20 cm 490 1 $aLa grande storia ;$v2 504 $aBibliografia in nota. 600 14$aGaribaldi, Giuseppe,$d1807-1882.$0(OLS)http://pul/subject/14403 830 3$aLa grande storia ;$v2.$0(OLS)http://pul/title/91162 850 $aPUL 852 $aPUL$W1$xDP2 Filosofia 1$y62$m118 E 55$j89201$nBK-PRI$b $qStampati$B89201$CPULBib$Z2$F89201 $81 941 1 $a8 961 $aINV: 36588 996 $6245$aGaribaldi legislatore$9(OLS)http://pul/title/91161 996 $6260$aRoma :$bUlpiano$9(OLS)http://pul/publisher/64342 LEADER 01136nam a2200265 u 4500 001 000000076511 003 CaOOAMICUS 005 20070226123223.0 008 031203c1977 it u000 u eng u 035 $a10978314 040 $aPUL(R)$bita 100 1 $aPetech, Luciano.$0(OLS)http://pul/name/50908 245 14$aThe kingdom of Ladakh :$bc. 950-1842 a.D. /$cLuciano Petech. 260 $aRoma :$bIstituto Italiano per il Medio ed Estremo Oriente,$c1977. 300 $axii, 191 p. ;$c24 cm 490 1 $aSerie orientale Roma ;$v51 500 $aComprende indice. 504 $a"Bibliography and abbreviations": p. [173]-178. 651 4$aTibet$xStoria.$0(OLS)http://pul/subject/25255 830 0$aSerie orientale Roma ;$v51.$0(OLS)http://pul/title/88503 850 $aPUL 852 $aPUL$W1$xSL Filosofia 1$y2$m132(1) C 4$j98289$nBK-PRI$b $qStampati$B98289$CPULBib$Z2$F98289 $HPUL58939 $81 941 1 $a8 996 $6245$aThe kingdom of Ladakh :$bc. 950-1842 a.D.$9(OLS)http://pul/title/100352 996 $6260$aRoma :$bIstituto Italiano per il Medio ed Estremo Oriente$9(OLS)http://pul/publisher/71417